02189 a2200169 4500020001500000020001800015082001400033100002300047245007100070250001200141260002800153300002100181500001500202520164700217856007501864856008001939 a0471205966 a978047120596804a332.632221 aMcDonald, Michael.10aPredict market swings with technical analysis /cMichael McDonald. a1st ed. a[S.l.] :bWiley,c2002. a288 p. ;c24 cm. aHardcover. aPredict Market Swings with Technical Analysis How do professionals on Wall Street earn a living each year by predicting stock prices when efficient market theory claims that stock prices are essentially random and unpredictable? The answer is simple–by using techniques that allow for a stock market that can at times become predictable. In Predict Market Swings with Technical Analysis, Wall Street financial consultant and market analyst Michael McDonald shows you how to navigate the turbulent ups and downs of the market and come out with significant profits. This comprehensive trading guide will teach you how to trade the swings of the market by gaining a clear and accurate picture of it. Predict Market Swings with Technical Analysis contains: A trading model that is more accurate than the efficient market model and is closer to the ideas most traders have of the market Proven indicators–such as contrary opinion–that will allow you to find the beginning and end of major swings New discoveries in chaos theory that help explain the fractal nature of stock price charts Four investing paradoxes that will help you make smarter investment decisions A broad outline of the possible pattern the market will make during its projected sideways run and a presentation of McDonald’s studies on strategies for sideways markets in anticipation of this period With an innovative approach to trading the stock market, Predict Market Swings with Technical Analysis gives you the knowledge, insight, and confidence to predict market swings and trade for maximum p 3Amazon.comuhttp://www.amazon.com/exec/obidos/ASIN/0471205966/chopacon 3Amazon customer reviewsuhttp://www.chopac.org/cgi-bin/tools/azrev.pl?q=047